| 000 | 00380nam a22001217a 4500 | ||
|---|---|---|---|
| 999 |
_c711 _d711 |
||
| 005 | 20200817150257.0 | ||
| 008 | 200817b ||||| |||| 00| 0 eng d | ||
| 020 | _a0415026695 | ||
| 040 | _cCML | ||
| 245 |
_aChild Custody and the Politics of Gender. _cSmart, C. & Sevenhuijsen, S. |
||
| 260 |
_aLondon _bRoutledge _c1989 |
||
| 942 |
_2ddc _cBK _e1st Edition _h362.795 _mCHI |
||